| 000 | 01996nam0a2200349 4500 | ||
|---|---|---|---|
| 001 | RU\NLR\BIBL_A\011953188 | ||
| 005 | 20190327150510.0 | ||
| 010 |
_a978-5-89118-784-9 _9300 |
||
| 021 |
_aRU _bКН-П-19-007029 _9КН-П-19-0517 |
||
| 035 | _a(NLR Aleph) 011953188 | ||
| 035 | _a(RuMoRGB)009883631 | ||
| 090 |
_a11160773 _c11160773 |
||
| 100 | _a20190306d2018 k y0rusy50 ca | ||
| 101 | 0 | _arus | |
| 102 | _aRU | ||
| 105 | _aab||z|||000zy | ||
| 200 | 1 |
_aМеханизм ликвации в природных и технологических силикатно-солевых расплавах - концентраторах редких земель и ниобия _e[монография] _fЛ. М. Делицын _gФедеральное Государственное бюджетное учреждение науки Объединенный Институт высоких температур Российской академии наук, Российский фонд фундаментальных исследований РФФИ |
|
| 210 |
_aМосква _cГЕОС _d2018 |
||
| 215 |
_a406, [1] с. _cил., карт., табл. _d25 |
||
| 320 | _aБиблиогр.: с. 391-401 | ||
| 606 | 1 |
_aАпатито-нефелиновые руды _xМесторождения _xПроисхождение _xРоль ликвации _yХибины, горный массив (Кольский полуостров) _92403944 _3RU\NLR\AUTH\6601652325 |
|
| 606 | 1 |
_aСиликатно-солевые системы _92261089 _3RU\NLR\AUTH\661355705 |
|
| 606 | 1 |
_aФосфатные руды _xПереработка _91869912 _3RU\NLR\AUTH\661139760 |
|
| 686 | 1 | _aД452.11-011(2Р31-4Му) | |
| 686 | 1 | _aЛ322-3 | |
| 686 | 1 | _aЛ242-3 | |
| 700 | 1 |
_7ca _8rus _aДелицын _bЛ. М. _f1939- _gЛеонид Михайлович _938117 _3RU\NLR\AUTH\7755185 |
|
| 942 | _cBOOK | ||
| 980 | _aNBR | ||
| 980 | _aNB | ||